000 00193 a2200097 4500
001 10909
100 _aKimble, G.
245 _aPsychology
260 _a
_bronald Press
_c
090 _c8480
_d8480
942 _aNUST-CAE
_cM
_c35245
999 _c245982
_d245982